Give me the daggers

Bibliographic Details
Main Author: Gavin, Catherine
Format: Book
Published: Bath : Chivers Press , 1987

MARC

LEADER 00000cam a2200000 7i4500
001 0000000743
002 000000841
005 20000330.0
020 |a 085997930X 
090 0 0 |a F   |b GAV 
100 1 |a Gavin, Catherine 
245 1 0 |a Give me the daggers   |c Catherine Gavin 
260 |a Bath :   |b Chivers Press ,   |c 1987 
300 |a 336p. ;   |c 20cm. 
999 |a 030783   |b BUKU   |c FICTION   |e PERPUSTAKAAN KOMUNITI PETALING JAYA